Vista normal
Vista MARC
Entrada Topical Term
Número de registros utilizados en: 1
001 - CONTROL NUMBER
- control field: 14582
003 - CONTROL NUMBER IDENTIFIER
- control field: OSt
005 - DATE AND TIME OF LATEST TRANSACTION
- control field: 20210308155836.0
008 - FIXED-LENGTH DATA ELEMENTS
- fixed length control field: 210308|| aca||aabn | a|a d
040 ## - CATALOGING SOURCE
- Original cataloging agency: OSt
- Transcribing agency: OSt
150 ## - HEADING--TOPICAL TERM
- Topical term or geographic name entry element: Caña de azúcar
- General subdivision: cultivo
- Geographic subdivision: Valle del Cauca
670 ## - SOURCE DATA FOUND
- Source citation: Work cat.: (OSt): Bonilla, María Elvia, autora 14580, Museo de la Caña de Azúcar : , 2007